Focus sur: Marietta Edgecombe - Harry Potter - Statistiques

Statistiques générales
  • Ce quiz a été pris 68 fois
  • Le résultat moyen est 5 sur 5
Statistiques - réponses
Informations recherchées Réponses % Correct
Lieu de rencontre avec Harry Potter Poudlard
100%
Ecole fréquentée Poudlard
100%
Maison fréquentée Serdaigle
100%
Couleur des cheveux Blond vénitien
93%
Première apparition Harry Potter et l'Ordre du Phénix
91%
Aucun quiz correspondant
Distribution des résultats
% des personnes avec chaque résultat
Percentile par nombre de réponses
Votre historique - résultats
Vous n’avez pas pris ce quiz